| 000 | 00645cam a22002293a 4500 | ||
|---|---|---|---|
| 001 | 12799 | ||
| 003 | PGUSA | ||
| 005 | 20140828083257.0 | ||
| 008 | 040701s2004||||xxu|||||s|||||000 | eng d | ||
| 040 |
_aPGUSA _beng |
||
| 042 | _adc | ||
| 050 | 4 | _aBR | |
| 100 | 1 |
_aGordon, S. D. _q(Samuel Dickey), _d1859-1936 |
|
| 245 | 1 | 0 |
_aQuiet Talks with World Winners _h[electronic resource] / _cS. D. Gordon |
| 260 |
_bProject Gutenberg, _c2004 |
||
| 506 | _aPublic domain in the USA. | ||
| 516 | _aElectronic text | ||
| 653 | _aChristian life | ||
| 830 | 0 |
_aProject Gutenberg _v12799 |
|
| 856 | 4 | 0 | _uhttp://www.gutenberg.org/ebooks/12799 |
| 942 | _cEB | ||
| 999 |
_c242054 _d242054 |
||